000 00681nam a22002177a 4500
999 _c15299
_d15299
003 AR-CdUCM
008 190426b ||||| |||| 00| 0 spa d
040 _aMUNICIPALIDAD PROVINCIAL DEL CUSCO
_cBIBLIOTECA MUNICIPAL DEL CUSCO
082 _aEP / 372 /
_bY96
100 _aYuzlen, Ding
_934341
245 _aEl erizo construye su nueva casa /
260 _aBeijing :
_bEdiciones en lenguas extranjeras,
_c1983.
300 _bIlustraciones, graficos, dibujos
_c16 cm.
500 _aCuentos para niƱos
650 _aCuentos
_9217
650 _aHistoria
_9136
650 _aLiteratura
_983
700 _aPeilong, Liang
_934342
942 _2ddc
_cLIBROS
945 _apjha
_d2019-04-26